000
00317nam a22001457a 4500
008
211012b ||||| |||| 00| 0 eng d
020
_a
9780201507362
041
_a
eng
080
_a
004
082
_a
004
100
_a
28
101
_a
SHKI
245
_a
Object-Oriented Software
_c
Winblad,A.L
942
_2
udc
_c
BK
999
_c
58188
_d
58188